Norwegian Tour de France stage winners - Statistics

General Stats
  • This quiz has been taken 50 times
    21 since last reset
  • The average score is 4 of 6
Answer Stats
Hint Total Answer % Correct
2002, 04, 06, 06 ,07, 08, 09, 10, 11, 11 10 Thor Hushovd
87%
2014, 14, 18, 20 4 Alexander Kristoff
73%
2011, 11, 19 3 Edvald Boasson Hagen
67%
2025 1 Jonas Abrahamsen
67%
1987 1 Dag Otto Lauritzen
53%
2008 1 Kurt Asle Arvesen
47%
No matching quizzes found
Score Distribution
Percent of People with Each Score
Percentile by Number Answered
Your Score History
You have not taken this quiz since the last reset